[Event "SERBIA CHESS OPEN 2021 - MASTERS"]
[Site "Belgrade, Hotel Metropol"]
[Date "2021.07.04"]
[Round "4.74"]
[White "Mehmed, Elif"]
[Black "Vatsal, Singhania"]
[Result "1/2-1/2"]
[WhiteElo "2199"]
[BlackElo "2371"]
[PlyCount "91"]
[EventDate "2021.??.??"]

1. e4 c5 2. Nf3 d6 3. d4 cxd4 4. Nxd4 Nf6 5. Nc3 Nc6 6. Bg5 e6 7. Qd3 Be7 8.
O-O-O a6 9. Nxc6 bxc6 10. Be2 Qc7 11. Qg3 e5 12. f4 h6 13. fxe5 Nh5 14. Bxh5
Bxg5+ 15. Kb1 dxe5 16. h4 Bf6 17. Rhf1 Qe7 18. Qe3 O-O 19. g3 Be6 20. Na4 Rfd8
21. Nc5 Bc4 22. Rfe1 Rd4 23. Nb3 Bxb3 24. axb3 a5 25. c3 Rxd1+ 26. Bxd1 Rb8 27.
Qd3 Qc5 28. Qe3 Qb5 29. Qe2 Qb6 30. Qe3 Qb7 31. Qc5 a4 32. b4 Be7 33. Qc4 Qa7
34. Rf1 Bf6 35. Qxc6 a3 36. bxa3 Qxa3 37. Qc4 Qa7 38. Bb3 Rd8 39. Rd1 Rxd1+ 40.
Bxd1 Be7 41. Bb3 Bf8 42. Qf1 g6 43. g4 Qe7 44. h5 gxh5 45. gxh5 Bg7 46. Qf5
1/2-1/2

[Event "SERBIA CHESS OPEN 2021 - MASTERS"]
[Site "Belgrade, Hotel Metropol"]
[Date "2021.07.04"]
[Round "4.75"]
[White "Risteski, Emil"]
[Black "Mitev, Valentin"]
[Result "1-0"]
[WhiteElo "2367"]
[BlackElo "2181"]
[PlyCount "105"]
[EventDate "2021.??.??"]

1. c4 c5 2. Nc3 g6 3. g3 Bg7 4. Bg2 Nc6 5. d3 d6 6. Qd2 e5 7. b3 Nge7 8. Bb2
Be6 9. Nd5 Qd7 10. e3 O-O 11. Ne2 Bh3 12. Nxe7+ Nxe7 13. O-O Bxg2 14. Kxg2 b5
15. Nc3 b4 16. Ne2 f5 17. f4 a5 18. d4 a4 19. Rab1 exd4 20. exd4 axb3 21. axb3
Ra2 22. d5 Rfa8 23. Nc1 Rxb2 24. Rxb2 Bc3 25. Qc2 Bxb2 26. Qxb2 Re8 27. Re1 Nc8
28. Rxe8+ Qxe8 29. Qe2 Qd7 30. Nd3 Kf7 31. Ne1 Ne7 32. Nf3 h6 33. h4 Ng8 34. h5
gxh5 35. Nh4 Nf6 36. Qd3 Qe7 37. Nxf5 Qe4+ 38. Qxe4 Nxe4 39. Kf3 Nd2+ 40. Ke3
Nxb3 41. Nxd6+ Ke7 42. Nb7 Kf6 43. d6 Nd4 44. d7 Nc6 45. d8=Q+ Nxd8 46. Nxd8
Kf5 47. Nb7 b3 48. Nd6+ Kg4 49. Ne4 b2 50. Nc3 h4 51. gxh4 Kxh4 52. Ke4 h5 53.
Kf3 1-0

[Event "SERBIA CHESS OPEN 2021 - MASTERS"]
[Site "Belgrade, Hotel Metropol"]
[Date "2021.07.04"]
[Round "4.76"]
[White "Kosmas-Lekkas, Dimitrios"]
[Black "Nandhidhaa, P V."]
[Result "1-0"]
[WhiteElo "2186"]
[BlackElo "2365"]
[PlyCount "113"]
[EventDate "2021.??.??"]

1. e4 c5 2. Nf3 a6 3. c4 e6 4. d4 cxd4 5. Nxd4 Qc7 6. Nc3 Nf6 7. a3 b6 8. Be3
Bb7 9. f3 d6 10. Be2 Nbd7 11. O-O Be7 12. Qd2 O-O 13. Rfc1 Rac8 14. a4 a5 15.
Ndb5 Qb8 16. Rd1 Rc6 17. b3 Rd8 18. Qb2 Rcc8 19. Rd2 Bc6 20. Rad1 Nc5 21. Bf4
Ne8 22. Bf1 Rd7 23. g3 Rcd8 24. Bh3 h6 25. Re1 Bg5 26. Nd4 Bb7 27. Be3 Bxe3+
28. Rxe3 Nf6 29. Qc2 Qa8 30. Rde2 Re7 31. Ndb5 Qb8 32. Rd2 Ree8 33. Qd1 d5 34.
exd5 exd5 35. Rxe8+ Rxe8 36. cxd5 Re3 37. Kf2 Re5 38. Bg2 Qd8 39. d6 Qd7 40.
Re2 Rxe2+ 41. Nxe2 Qf5 42. Nf4 Qe5 43. Bh3 Bc6 44. Qd4 Qe8 45. Nd3 Bxb5 46.
axb5 Qxb5 47. Nxc5 bxc5 48. Qd2 Qxb3 49. d7 Nxd7 50. Bxd7 a4 51. Bc6 a3 52. Bd5
c4 53. Qe2 a2 54. Qe8+ Kh7 55. Be4+ g6 56. Qxf7+ Kh8 57. Qf6+ 1-0

[Event "SERBIA CHESS OPEN 2021 - MASTERS"]
[Site "Belgrade, Hotel Metropol"]
[Date "2021.07.04"]
[Round "4.77"]
[White "Radisavljevic, Dalibor"]
[Black "Pastar, Slaven"]
[Result "1/2-1/2"]
[WhiteElo "2186"]
[BlackElo "2354"]
[PlyCount "73"]
[EventDate "2021.??.??"]

1. e4 e6 2. d4 d5 3. Nd2 c5 4. Ngf3 cxd4 5. Nxd4 Nc6 6. Bb5 Bd7 7. Nxc6 bxc6 8.
Bd3 Bd6 9. Qe2 e5 10. O-O Qe7 11. c4 d4 12. f4 Nf6 13. fxe5 Bxe5 14. Nf3 Bg4
15. Bg5 h6 16. Bxf6 Qxf6 17. h3 Bxf3 18. Rxf3 Qe7 19. Qc2 O-O 20. c5 Rab8 21.
Raf1 Kh7 22. Rb1 a5 23. a3 Rb7 24. b4 axb4 25. axb4 g6 26. Qa4 Rc7 27. Rbf1 Kg7
28. Rc1 Rb8 29. Rcf1 Rf8 30. Rc1 Qg5 31. Rcf1 h5 32. Qa2 Re7 33. Qa6 Rc7 34.
Qa2 Qd8 35. Qa6 Qe7 36. Bc4 Qh4 37. Bd3 1/2-1/2

[Event "SERBIA CHESS OPEN 2021 - MASTERS"]
[Site "Belgrade, Hotel Metropol"]
[Date "2021.07.04"]
[Round "4.78"]
[White "Krstulovic, Alex"]
[Black "Horvat, Damjan"]
[Result "1/2-1/2"]
[WhiteElo "2353"]
[BlackElo "2167"]
[PlyCount "47"]
[EventDate "2021.??.??"]

1. d4 d5 2. Nf3 Nf6 3. Bf4 e6 4. e3 c5 5. Nbd2 Bd6 6. Ne5 O-O 7. c3 Qc7 8. Bd3
Nbd7 9. Ndf3 Ne4 10. Nxd7 Bxd7 11. Bxe4 dxe4 12. Bxd6 Qxd6 13. dxc5 Qxc5 14.
Qxd7 exf3 15. gxf3 Rfd8 16. Qa4 Qd5 17. Qd1 Qf5 18. Qe2 Qh3 19. f4 Qg2 20. Rf1
Rd6 21. Rd1 Rad8 22. Rxd6 Rxd6 23. f3 Qh3 24. Rf2 1/2-1/2

[Event "SERBIA CHESS OPEN 2021 - MASTERS"]
[Site "Belgrade, Hotel Metropol"]
[Date "2021.07.04"]
[Round "4.79"]
[White "Zlatanovic, Boroljub"]
[Black "Djokic, Mihailo"]
[Result "1-0"]
[WhiteElo "2350"]
[BlackElo "2129"]
[PlyCount "115"]
[EventDate "2021.??.??"]

1. c4 c5 2. Nc3 Nc6 3. g3 g6 4. Bg2 Bg7 5. a3 Nf6 6. Rb1 d6 7. d3 O-O 8. b4 e6
9. bxc5 Nd7 10. Ne4 Nxc5 11. Nxc5 dxc5 12. Bxc6 bxc6 13. Nf3 e5 14. Be3 Qd6 15.
Nd2 f5 16. Nb3 Qc7 17. Bxc5 Rd8 18. O-O f4 19. Nd2 f3 20. Ne4 Bh3 21. Re1 Qd7
22. Bd6 fxe2 23. Qxe2 c5 24. Rb3 Qc6 25. Bxc5 Bf5 26. Be7 Rd4 27. f3 Re8 28.
Bg5 h6 29. Be3 Rd7 30. Reb1 Kh7 31. Nc5 Rf7 32. g4 Bc8 33. Ne4 Ref8 34. Bc5 Rd8
35. Rb8 Qc7 36. Ra8 Bf8 37. Be3 Qc6 38. Rxa7 Rxa7 39. Bxa7 Rd7 40. Be3 Rb7 41.
Rxb7+ Qxb7 42. Bc5 Bg7 43. Bb4 Qa7+ 44. Kg2 Bb7 45. Qf2 Qb8 46. Qb6 Qc8 47. Qc5
Qa8 48. Qc7 Kh8 49. Bd6 Bxe4 50. dxe4 Qa4 51. Bxe5 Qc2+ 52. Kg3 Bxe5+ 53. Qxe5+
Kh7 54. Qe7+ Kg8 55. Qf6 Qd2 56. Qxg6+ Kf8 57. Qf6+ Kg8 58. Qb6 1-0

[Event "SERBIA CHESS OPEN 2021 - MASTERS"]
[Site "Belgrade, Hotel Metropol"]
[Date "2021.07.04"]
[Round "4.80"]
[White "Ramoutar, Alan-Safar"]
[Black "Asatryan, Sona"]
[Result "1-0"]
[WhiteElo "2344"]
[BlackElo "2122"]
[PlyCount "37"]
[EventDate "2021.??.??"]

1. e4 e5 2. Nf3 Nc6 3. Bc4 Bc5 4. c3 Nf6 5. d4 exd4 6. e5 d5 7. Bb5 Ne4 8. cxd4
Bb4+ 9. Nbd2 O-O 10. O-O Nxd2 11. Bxd2 Bxd2 12. Qxd2 Ne7 13. Rae1 c6 14. Bd3
Ng6 15. Re3 Bg4 16. Bc2 Nh4 17. Nxh4 Qxh4 18. f4 f5 19. Rfe1 1-0

[Event "SERBIA CHESS OPEN 2021 - MASTERS"]
[Site "Belgrade, Hotel Metropol"]
[Date "2021.07.04"]
[Round "4.81"]
[White "Ufimtsev, Egor"]
[Black "Volkov, Dmitriy"]
[Result "1/2-1/2"]
[WhiteElo "2168"]
[BlackElo "2343"]
[PlyCount "64"]
[EventDate "2021.??.??"]

1. Nf3 g6 2. c4 Bg7 3. Nc3 Nf6 4. g3 d6 5. d4 O-O 6. Bg2 Nc6 7. O-O a6 8. d5
Na5 9. Nd2 c5 10. Qc2 e5 11. dxe6 Bxe6 12. b3 Nc6 13. Bb2 Bf5 14. e4 Be6 15.
Nd5 Rb8 16. f4 b5 17. Nxf6+ Bxf6 18. e5 Nb4 19. Qc3 Bg7 20. a3 bxc4 21. Nxc4 d5
22. Nd2 d4 23. Qxc5 Nd3 24. Qxd4 Nxb2 25. Qxb2 f6 26. b4 Qb6+ 27. Kh1 a5 28.
Ne4 fxe5 29. fxe5 Rxf1+ 30. Rxf1 axb4 31. axb4 Qxb4 32. Qxb4 Rxb4 1/2-1/2

[Event "SERBIA CHESS OPEN 2021 - MASTERS"]
[Site "Belgrade, Hotel Metropol"]
[Date "2021.07.04"]
[Round "4.82"]
[White "Zhukova, Natalia"]
[Black "Boucquet, Emile"]
[Result "0-1"]
[WhiteElo "2336"]
[BlackElo "2100"]
[PlyCount "76"]
[EventDate "2021.??.??"]

1. c4 e6 2. Nc3 d5 3. d4 Nf6 4. cxd5 exd5 5. Bg5 c6 6. e3 Bd6 7. Bd3 O-O 8. Qc2
h6 9. Bh4 Re8 10. Nf3 Be6 11. Ne5 c5 12. O-O Nc6 13. Nxc6 bxc6 14. h3 c4 15.
Be2 Bd7 16. e4 g5 17. e5 gxh4 18. exd6 Qb8 19. Qd2 Kg7 20. Qf4 Qxb2 21. Rac1
Rxe2 22. Nxe2 Qxe2 23. Rfe1 Qh5 24. Re5 Qg6 25. Qxh4 Ne4 26. f3 Nxd6 27. Kh2
Nf5 28. Qf2 Rb8 29. g4 Nd6 30. h4 Nb5 31. a4 Nc7 32. h5 Qf6 33. Kg3 Rb3 34.
Rce1 Ne6 35. Rf5 Qxd4 36. Qe2 Ng5 37. Rf4 Ne4+ 38. Kh4 Rb2 0-1

[Event "SERBIA CHESS OPEN 2021 - MASTERS"]
[Site "Belgrade, Hotel Metropol"]
[Date "2021.07.04"]
[Round "4.83"]
[White "De Boer, Bas"]
[Black "Irizanin, Radoje"]
[Result "0-1"]
[WhiteElo "2143"]
[BlackElo "2330"]
[PlyCount "54"]
[EventDate "2021.??.??"]

1. d4 d5 2. c4 c6 3. Nc3 Nf6 4. Nf3 e6 5. e3 Nbd7 6. Qc2 Bd6 7. Bd3 O-O 8. O-O
dxc4 9. Bxc4 b5 10. Be2 Bb7 11. Rd1 Qc7 12. e4 e5 13. Bg5 exd4 14. Rxd4 Ne5 15.
g3 Bc5 16. Rd2 Nfg4 17. Kg2 Bxf2 18. Nxe5 Qxe5 19. Bf4 Ne3+ 20. Kxf2 Nxc2 21.
Bxe5 Nxa1 22. Bd3 Rad8 23. Rd1 b4 24. Na4 Ba6 25. Nc5 Bxd3 26. Bc7 Rd4 27. Ke3
Nc2+ 0-1

[Event "SERBIA CHESS OPEN 2021 - MASTERS"]
[Site "Belgrade, Hotel Metropol"]
[Date "2021.07.04"]
[Round "4.84"]
[White "Papidakis, Georgios"]
[Black "Stankovic, Milos M"]
[Result "1-0"]
[WhiteElo "2135"]
[BlackElo "2327"]
[PlyCount "57"]
[EventDate "2021.??.??"]

1. e4 Nf6 2. e5 Nd5 3. d4 d6 4. Nf3 dxe5 5. Nxe5 Nf6 6. Bc4 e6 7. O-O Be7 8.
Bf4 c6 9. c3 Nbd7 10. Nd2 O-O 11. Re1 Nd5 12. Bg3 N7f6 13. Bd3 Bd7 14. h4 c5
15. dxc5 Bxc5 16. Ne4 Nxe4 17. Bxe4 Bc6 18. Nxc6 bxc6 19. c4 f5 20. cxd5 fxe4
21. dxe6 Qb6 22. Qc2 e3 23. fxe3 Rad8 24. Qc4 Rf6 25. e7+ Kh8 26. Be5 Bxe3+ 27.
Kh1 Rh6 28. Qg4 Rf6 29. Qd7 1-0

[Event "SERBIA CHESS OPEN 2021 - MASTERS"]
[Site "Belgrade, Hotel Metropol"]
[Date "2021.07.04"]
[Round "4.85"]
[White "Radovanovic, Jovica"]
[Black "Rutten, Alexander"]
[Result "1-0"]
[WhiteElo "2326"]
[BlackElo "2082"]
[PlyCount "57"]
[EventDate "2021.??.??"]

1. d4 d5 2. c4 c6 3. Nf3 Nf6 4. Qc2 dxc4 5. Qxc4 Bf5 6. g3 e6 7. Bg2 Nbd7 8.
O-O Be7 9. Nc3 O-O 10. e3 h6 11. Rd1 Qc7 12. h3 a6 13. Qe2 Ne4 14. Nd2 Nxd2 15.
Bxd2 Bc2 16. Rdc1 Bh7 $15 17. d5 cxd5 18. Nxd5 Qd8 19. Nxe7+ Qxe7 20. Bc3 Nf6
21. Rd1 Rfe8 22. Bxf6 Qxf6 23. Rd7 Re7 24. Rad1 Rae8 25. R1d6 Qe5 26. Qd2 Bf5
27. Rxe7 Rxe7 28. Rd8+ Kh7 29. Rd4 1-0

[Event "SERBIA CHESS OPEN 2021 - MASTERS"]
[Site "Belgrade, Hotel Metropol"]
[Date "2021.07.04"]
[Round "4.86"]
[White "Unat, Can Haktan"]
[Black "Hasanzade, Toghrul"]
[Result "1-0"]
[WhiteElo "2130"]
[BlackElo "2323"]
[PlyCount "139"]
[EventDate "2021.??.??"]

1. e4 c5 2. Nf3 d6 3. d4 cxd4 4. Nxd4 Nf6 5. Nc3 a6 6. f4 e5 7. Nb3 exf4 8.
Bxf4 Be7 9. e5 dxe5 10. Qxd8+ Bxd8 11. Bxe5 O-O 12. O-O-O Nc6 13. Bd6 Re8 14.
Bc4 Bg4 15. Rde1 Bb6 16. Rhf1 Rxe1+ 17. Rxe1 Rd8 18. Bg3 h6 19. Bh4 g5 20. Bg3
Kg7 21. a3 Ba7 22. h3 Bf5 23. Nd2 Bg6 24. Nf3 b5 25. Bb3 Nh5 26. Bh2 Bf2 27.
Rd1 Be3+ 28. Kb1 Rxd1+ 29. Nxd1 Bf4 30. Bg1 Nf6 31. Nc3 Ne5 32. Bd4 Nfd7 33. a4
bxa4 34. Bxa4 f6 35. Ng1 Nf8 36. Bf2 g4 37. Nd5 Bh2 38. Ne2 Ne6 39. hxg4 Nxg4
40. Bg3 Be4 41. Ndc3 Bxg3 42. Nxe4 Be5 43. Bd7 Kf7 44. Nc5 Nxc5 45. Bxg4 Ke7
46. b4 Nd7 47. Ka2 Kd6 48. Kb3 Nb8 49. c4 Kc6 50. Nc1 Kb6 51. c5+ Kc7 52. Ka4
Nc6 53. Be2 Nb8 54. Nb3 f5 55. Nd2 Bc3 56. Nb1 Be1 57. Na3 Kb7 58. Nc4 Nc6 59.
Na5+ Nxa5 60. Kxa5 f4 61. Bxa6+ Kc6 62. Be2 Bd2 63. Ka4 Be3 64. Bf3+ Kc7 65.
Kb5 Bd2 66. Kc4 Be1 67. b5 Ba5 68. b6+ Kd7 69. Kb5 Be1 70. c6+ 1-0

[Event "SERBIA CHESS OPEN 2021 - MASTERS"]
[Site "Belgrade, Hotel Metropol"]
[Date "2021.07.04"]
[Round "4.87"]
[White "Silich, Yahor"]
[Black "Kalogridis, Antonios"]
[Result "1/2-1/2"]
[WhiteElo "2319"]
[BlackElo "2080"]
[PlyCount "38"]
[EventDate "2021.??.??"]

1. e4 c6 2. d4 d5 3. exd5 cxd5 4. Bd3 Nc6 5. c3 Qc7 6. h3 e6 7. Nf3 Bd6 8. O-O
Nge7 9. Re1 O-O 10. Nbd2 Rd8 11. b4 e5 12. dxe5 Nxe5 13. Nxe5 Bxe5 14. Qh5 Ng6
15. Nf3 Bxc3 16. Ng5 h6 17. Bxg6 fxg6 18. Qxg6 hxg5 19. Re8+ Rxe8 1/2-1/2

[Event "SERBIA CHESS OPEN 2021 - MASTERS"]
[Site "Belgrade, Hotel Metropol"]
[Date "2021.07.04"]
[Round "4.88"]
[White "Tomic, Stjepan"]
[Black "Bodiroga, Predrag"]
[Result "1/2-1/2"]
[WhiteElo "1928"]
[BlackElo "2316"]
[PlyCount "83"]
[EventDate "2021.??.??"]

1. e4 Nf6 2. e5 Nd5 3. c4 Nb6 4. d4 d6 5. exd6 cxd6 6. Nc3 g6 7. Be3 Bg7 8. Rc1
O-O 9. b3 Nc6 10. Be2 f5 11. f4 e5 12. dxe5 dxe5 13. Qxd8 Rxd8 14. Nh3 Nd4 15.
O-O Nxe2+ 16. Nxe2 Rd3 17. Kf2 h6 18. Rcd1 Rxd1 19. Rxd1 Nd7 20. a4 b6 21. Kf1
e4 22. Nf2 Kf7 23. Rd2 Bf8 24. Nd1 Nc5 25. Bxc5 Bxc5 26. Ndc3 Be6 27. Rd1 g5
28. Nd5 Rc8 29. g3 Rd8 30. Ndc3 Rd3 31. Rxd3 exd3 32. Nc1 Bd4 33. Nd1 a6 34.
Nxd3 b5 35. axb5 axb5 36. N1b2 g4 37. Kg2 bxc4 38. Nxc4 Bd5+ 39. Kf1 Ke6 40.
Nde5 Bc5 41. Nd2 Be3 42. Ndc4 1/2-1/2

[Event "SERBIA CHESS OPEN 2021 - MASTERS"]
[Site "Belgrade, Hotel Metropol"]
[Date "2021.07.04"]
[Round "4.89"]
[White "Barseghyan, Armen Ar"]
[Black "Stamatiou, Rodolfos"]
[Result "1-0"]
[WhiteElo "2316"]
[BlackElo "2023"]
[PlyCount "105"]
[EventDate "2021.??.??"]

1. Nf3 c5 2. g3 Nc6 3. c4 g6 4. Bg2 Bg7 5. Nc3 e6 6. O-O Nge7 7. Rb1 O-O 8. a3
d5 9. d3 b6 10. Bd2 Bb7 11. cxd5 Nxd5 12. Qa4 Nd4 13. Nxd4 cxd4 14. Nxd5 Bxd5
15. Bxd5 Qxd5 16. Rbc1 h5 17. Rc2 h4 18. Rfc1 h3 19. Qc6 Qh5 20. Qf3 Qxf3 21.
exf3 Rfd8 22. Kf1 Rd5 23. Rc7 Rb5 24. R1c2 a5 25. Rb7 Bf8 26. a4 Rb3 27. Ke2
Bd6 28. Rc6 Bb4 29. Bc1 Bf8 30. Rcxb6 Rxb6 31. Rxb6 Rc8 32. Bd2 Be7 33. Kd1 Bd8
34. Ra6 Rb8 35. Kc2 Rc8+ 36. Kb1 e5 37. Ra7 Bb6 38. Rd7 Rc6 39. Rd5 Rf6 40. f4
exf4 41. Bxf4 Re6 42. Re5 Rxe5 43. Bxe5 Kf8 44. b4 Ke7 45. bxa5 Bxa5 46. Bxd4
Ke6 47. Kc2 Kf5 48. Kd1 Kg4 49. Ke2 g5 50. Be3 Kf5 51. Bd2 Bc7 52. a5 Ke6 53.
a6 1-0

[Event "SERBIA CHESS OPEN 2021 - MASTERS"]
[Site "Belgrade, Hotel Metropol"]
[Date "2021.07.04"]
[Round "4.90"]
[White "Thorsbro, Peter"]
[Black "Nikolovski, Nikola"]
[Result "1/2-1/2"]
[WhiteElo "2233"]
[BlackElo "2438"]
[PlyCount "58"]
[EventDate "2021.??.??"]

1. d4 e6 2. c4 f5 3. g3 Nf6 4. Bg2 Be7 5. Nf3 O-O 6. O-O d6 7. b3 Ne4 8. Bb2
Bf6 9. Nbd2 Nc6 10. e3 Nxd2 11. Qxd2 e5 12. d5 Nb8 13. Rac1 Nd7 14. Rfd1 a5 15.
Qc2 Nc5 16. Nd2 Qe8 17. a3 Bd7 18. Re1 Qh5 19. b4 axb4 20. axb4 Na6 21. c5 f4
22. exf4 exf4 23. Bxf6 Rxf6 24. Re7 Bg4 25. Qc3 Rf7 26. Rce1 Raf8 27. cxd6 cxd6
28. Qd4 fxg3 29. hxg3 Bf5 1/2-1/2

[Event "SERBIA CHESS OPEN 2021 - MASTERS"]
[Site "Belgrade, Hotel Metropol"]
[Date "2021.07.04"]
[Round "4.91"]
[White "Pap, Misa"]
[Black "Ravic, Nenad"]
[Result "1-0"]
[WhiteElo "2431"]
[BlackElo "2235"]
[PlyCount "119"]
[EventDate "2021.??.??"]

1. e4 Nc6 2. d4 d5 3. e5 Bf5 4. c3 e6 5. h4 f6 6. f4 Qd7 7. Nd2 Nh6 8. Be2
O-O-O 9. Nh3 Bxh3 10. Rxh3 Be7 11. Nf3 Rdf8 12. Be3 Nf5 13. Bf2 h5 14. Qc2 Kb8
15. O-O-O Nd8 16. Kb1 Nf7 17. Bd3 N7h6 18. Qe2 Ng4 19. Bg1 fxe5 20. Nxe5 Nxe5
21. dxe5 Qa4 22. g3 Rd8 23. Bf2 c5 24. Rhh1 c4 25. Bxf5 exf5 26. e6 Bf6 27. Bd4
Rhe8 28. Be5+ Ka8 29. Bxf6 gxf6 30. Rhe1 Rd6 31. e7 Rd7 32. Rd2 Qc6 33. Qxh5
Rdxe7 34. Red1 Re3 35. Rxd5 a6 36. Qxf5 Rxg3 37. Qc2 Qc7 38. Qf2 Rge3 39. Rd7
Qb6 40. R7d6 Qxd6 41. Rxd6 Re1+ 42. Kc2 R8e2+ 43. Qxe2 Rxe2+ 44. Rd2 Re8 45. h5
Rh8 46. Rh2 Rh6 47. Kd2 Kb8 48. Ke3 Kc7 49. Ke4 Kd6 50. Kf5 b5 51. Rd2+ Kc5 52.
a3 a5 53. Ke6 Rxh5 54. Kxf6 b4 55. axb4+ axb4 56. cxb4+ Kxb4 57. f5 Kb3 58. Ke5
Rh1 59. Rf2 Rb1 60. Kd5 1-0

[Event "SERBIA CHESS OPEN 2021 - MASTERS"]
[Site "Belgrade, Hotel Metropol"]
[Date "2021.07.04"]
[Round "4.92"]
[White "Spasic, Petar"]
[Black "Bukal, Vladimir Jr"]
[Result "1-0"]
[WhiteElo "2227"]
[BlackElo "2399"]
[PlyCount "69"]
[EventDate "2021.??.??"]

1. c4 b6 2. Nf3 Bb7 3. e3 e6 4. b3 Nf6 5. Bb2 c5 6. Nc3 Be7 7. a3 O-O 8. Qc2 d5
9. cxd5 exd5 10. d4 Nbd7 11. Be2 Rc8 12. O-O cxd4 13. Nxd4 Ne4 14. Rfc1 Bd6 15.
g3 Ne5 16. Qd1 Bb8 17. f4 Nxc3 18. Rxc3 Rxc3 19. Bxc3 Nd7 20. Nf5 f6 21. b4 Re8
22. Bf3 Nf8 23. Kf2 Qd7 24. Qd3 Kh8 25. Rd1 Qa4 26. Rd2 Rd8 27. Bb2 Ne6 28. Ne7
a5 29. Qf5 Qd7 30. Be4 Nf8 31. Qxf6 d4 32. Bxd4 Ne6 33. Qf7 Bd6 34. Bxb7 Rf8
35. Ng6+ 1-0

[Event "SERBIA CHESS OPEN 2021 - MASTERS"]
[Site "Belgrade, Hotel Metropol"]
[Date "2021.07.04"]
[Round "4.93"]
[White "Lajthajm, Borko"]
[Black "Grezels, Florian"]
[Result "1-0"]
[WhiteElo "2370"]
[BlackElo "2219"]
[PlyCount "133"]
[EventDate "2021.??.??"]

1. d4 Nf6 2. c4 e6 3. Nf3 c5 4. Nc3 cxd4 5. Nxd4 Nc6 6. a3 Be7 7. Bf4 O-O 8. e3
d5 9. Rc1 Qa5 10. Nb3 Qb6 11. Qc2 e5 12. Bg5 d4 13. c5 Qd8 14. Ne4 Nxe4 15.
Bxe7 Qxe7 16. Qxe4 Be6 17. Bc4 Bxc4 18. Rxc4 Qe6 19. Qc2 Rad8 20. O-O d3 21.
Qc3 e4 22. Nd2 f5 23. b4 Rd5 24. b5 Ne5 25. Rd4 Rfd8 26. Rc1 Kf7 27. h3 Rc8 28.
Nb3 b6 29. Rxd5 Qxd5 30. a4 bxc5 31. a5 Rd8 32. Qxc5 Qxc5 33. Rxc5 Ke6 34. Rc7
d2 35. Nxd2 Rxd2 36. Rxa7 Rb2 37. Rb7 Kd6 38. a6 Nd7 39. a7 Ra2 40. b6 Ra1+ 41.
Kh2 Nxb6 42. Rxb6+ Kc7 43. Rb8 Rxa7 44. Rf8 Kd6 45. Rxf5 Ke6 46. Rf8 Ke5 47.
Kg3 Ra6 48. Rf4 Re6 49. h4 h5 50. Kh3 Re7 51. g4 hxg4+ 52. Kxg4 Ra7 53. Kg5 Ra1
54. Rg4 Rh1 55. Rg2 g6 56. Rg4 Rh2 57. Kxg6 Rxf2 58. h5 Rf6+ 59. Kg7 Rf3 60.
Rg5+ Ke6 61. h6 Rxe3 62. h7 Rh3 63. h8=Q Rxh8 64. Kxh8 Kf6 65. Ra5 e3 66. Ra3
e2 67. Re3 1-0

[Event "SERBIA CHESS OPEN 2021 - MASTERS"]
[Site "Belgrade, Hotel Metropol"]
[Date "2021.07.04"]
[Round "4.94"]
[White "Meissner, Felix"]
[Black "Ojas, Kulkarni"]
[Result "1/2-1/2"]
[WhiteElo "2362"]
[BlackElo "2216"]
[PlyCount "45"]
[EventDate "2021.??.??"]

1. e4 c5 2. Nf3 Nc6 3. Bb5 e5 4. O-O Bd6 5. Na3 Nge7 6. Bc4 Ng6 7. d3 Be7 8. c3
O-O 9. d4 exd4 10. cxd4 cxd4 11. Nxd4 Bc5 12. Nf5 Nh4 13. Be3 d6 14. Nxh4 Bxe3
15. fxe3 Qxh4 16. Rf4 Qe7 17. Nb5 a6 18. Nxd6 Be6 19. Bxe6 fxe6 20. Rxf8+ Rxf8
21. Nc4 b5 22. Nd2 Qf6 23. Nf3 1/2-1/2

[Event "SERBIA CHESS OPEN 2021 - MASTERS"]
[Site "Belgrade, Hotel Metropol"]
[Date "2021.07.04"]
[Round "4.95"]
[White "Grieve, Harry"]
[Black "Kostov, Deyan Samuil"]
[Result "1-0"]
[WhiteElo "2351"]
[BlackElo "2215"]
[PlyCount "121"]
[EventDate "2021.??.??"]

1. e4 c5 2. Nc3 Nc6 3. Bb5 Nd4 4. Nf3 Nxb5 5. Nxb5 d6 6. d4 cxd4 7. Qxd4 a6 8.
Nc3 e5 9. Qb4 Ne7 10. Be3 Nc6 11. Qb6 Qxb6 12. Bxb6 Be6 13. O-O-O Rc8 14. a3
Be7 15. Nd5 Bxd5 16. Rxd5 Nb8 17. Nd2 Nd7 18. Be3 O-O 19. Rd1 Rfd8 20. Rd3 f6
21. Nb1 Rc4 22. Nc3 Rdc8 23. f3 b5 24. R1d2 Kf7 25. Nd5 Bf8 26. b3 R4c6 27. Nb4
Nc5 28. Bxc5 Rxc5 29. Nxa6 R5c6 30. Nb4 Rc5 31. Kb2 g6 32. Rd5 Ke6 33. Na6 R5c6
34. Nb4 Rc5 35. Na2 f5 36. Rxc5 dxc5 37. Rd5 Be7 38. Nc1 Bd6 39. Ne2 b4 40. a4
fxe4 41. fxe4 c4 42. bxc4 Rxc4 43. Ng3 Bc5 44. Rd3 Bg1 45. Kb3 Rc7 46. h3 Bb6
47. Nf1 Rf7 48. Rf3 Rd7 49. Rd3 Rf7 50. Nd2 Bc5 51. Rd5 Rc7 52. Nc4 Bd4 53.
Kxb4 Rf7 54. c3 Bg1 55. Rxe5+ Kd7 56. Rd5+ Kc7 57. Rd1 Bf2 58. a5 Rf4 59. e5
Kc6 60. Rd6+ Kc7 61. Rf6 1-0

[Event "SERBIA CHESS OPEN 2021 - MASTERS"]
[Site "Belgrade, Hotel Metropol"]
[Date "2021.07.04"]
[Round "4.96"]
[White "Vetokhin, Savva"]
[Black "Jandric, Damjan"]
[Result "1-0"]
[WhiteElo "2324"]
[BlackElo "2202"]
[PlyCount "139"]
[EventDate "2021.??.??"]

1. Nf3 Nf6 2. g3 g6 3. Bg2 Bg7 4. O-O O-O 5. d4 d6 6. Re1 Nbd7 7. e4 e5 8. Nc3
c6 9. a4 Qc7 10. b3 Re8 11. Bb2 b6 12. Qd2 a6 13. Rad1 Bf8 14. Ba3 Bb7 15. dxe5
dxe5 16. Bd6 Bxd6 17. Qxd6 Qxd6 18. Rxd6 Kg7 19. a5 b5 20. Bh3 Nf8 21. b4 Bc8
22. Bg2 Bg4 23. Nd2 Red8 24. Rxd8 Rxd8 25. Nb3 Bc8 26. f4 Ne6 27. Ne2 Ng4 28.
Rc1 Ne3 29. Kf2 Nc4 30. Bf3 f6 31. h4 h6 32. h5 g5 33. f5 Nf8 34. Nc3 Kf7 35.
Be2 Nd6 36. Ke3 Ke7 37. Nb1 Nd7 38. Na3 Bb7 39. c4 Rc8 40. Nc5 Nxc5 41. bxc5
Nf7 42. Nc2 Rd8 43. Ra1 Rd7 44. Bd3 Nd8 45. Nb4 Rd4 46. Be2 Ke8 47. Rb1 Ke7 48.
Rc1 Ke8 49. Nc2 Rd7 50. Nb4 Rd4 51. Bd3 Ke7 52. Kd2 Ke8 53. Ke3 Ke7 54. Rc3 Ke8
55. Bc2 Ke7 56. Bb3 Ke8 57. Rc1 Ke7 58. Ba2 Ke8 59. Nc2 Rd7 60. Bb3 Ke7 61. Ra1
Ke8 62. cxb5 cxb5 63. Nb4 Rd4 64. Nd5 Bxd5 65. exd5 Nb7 66. Rc1 Nxa5 67. c6
Nc4+ 68. Bxc4 bxc4 69. Rb1 Rxd5 70. Rb8+ 1-0

[Event "SERBIA CHESS OPEN 2021 - MASTERS"]
[Site "Belgrade, Hotel Metropol"]
[Date "2021.07.04"]
[Round "4.97"]
[White "Sylvan, Jacob"]
[Black "Vulinovic, Radivoje"]
[Result "1-0"]
[WhiteElo "2322"]
[BlackElo "2201"]
[PlyCount "113"]
[EventDate "2021.??.??"]

1. d4 d5 2. c4 e6 3. Nf3 Nf6 4. g3 Be7 5. Bg2 O-O 6. O-O dxc4 7. Qc2 a6 8. a4
Bd7 9. Qxc4 Bc6 10. Bf4 Bd6 11. Qc1 Nbd7 12. Nc3 Nb6 13. a5 Nbd5 14. Bd2 Nxc3
15. bxc3 b5 16. Re1 Bd5 17. Bg5 Be7 18. Bxf6 Bxf6 19. e4 Bb7 20. c4 Bxd4 21.
Nxd4 Qxd4 22. cxb5 Qe5 23. bxa6 Rxa6 24. Qb1 Ra7 25. Qb4 Rfa8 26. f4 c5 27. Qb6
Qc3 28. Rab1 h6 29. a6 Bxa6 30. e5 Bd3 31. Bxa8 Qd4+ 32. Kh1 Rxa8 33. Qc6 Ra2
34. Rb8+ Kh7 35. Qf3 Bc4 36. Rd1 Bd5 37. Qxd5 exd5 38. Rxd4 cxd4 39. Rb1 Rd2
40. Kg1 Kg6 41. g4 Re2 42. h3 d3 43. Kf1 Rh2 44. Rb6+ Kh7 45. Ke1 Rxh3 46. Kd2
Rg3 47. Rb7 Rxg4 48. Rxf7 Kg8 49. e6 Rg6 50. f5 Rf6 51. Rd7 Rxf5 52. Rd8+ Kh7
53. e7 Re5 54. e8=Q Rxe8 55. Rxe8 Kg6 56. Re5 Kf6 57. Rxd5 1-0

[Event "SERBIA CHESS OPEN 2021 - MASTERS"]
[Site "Belgrade, Hotel Metropol"]
[Date "2021.07.04"]
[Round "4.98"]
[White "Pasti, Aron"]
[Black "Rakshitta, Ravi"]
[Result "1-0"]
[WhiteElo "2318"]
[BlackElo "2190"]
[PlyCount "75"]
[EventDate "2021.??.??"]

1. e4 e5 2. Nf3 Nc6 3. Bb5 a6 4. Ba4 Nf6 5. O-O Be7 6. Re1 b5 7. Bb3 O-O 8. d4
d6 9. c3 Bg4 10. Be3 exd4 11. cxd4 Na5 12. Bc2 Nc4 13. Bc1 c5 14. b3 Nb6 15.
Bb2 Rc8 16. Nbd2 Nfd7 17. e5 d5 18. dxc5 Nxc5 19. Qb1 h6 20. h3 Bxf3 21. Nxf3
Ne6 22. Bf5 Bc5 23. Qd3 Qe7 24. Nh2 Qg5 25. Bc1 Nf4 26. Bxf4 Qxf4 27. Nf3 Rc6
28. Rac1 g6 29. Bxg6 fxg6 30. Rxc5 Rxc5 31. Qxg6+ Kh8 32. Qxb6 Rc3 33. e6 Rxf3
34. e7 Re8 35. Qc6 Rxe7 36. Rxe7 Rxf2 37. Qc8+ Qf8 38. Re8 1-0